Burza cenných papierov v Bratislave ročenka 2003
Salvato in:
| Natura: | Libro |
|---|---|
| Lingua: | slovacco inglese |
| Pubblicazione: |
Bratislava
Burza cenných papierov v Bratislave
[2004]
|
| Soggetti: | |
| Tags: |
Nessun Tag, puoi essere il primo ad aggiungerne!!
|
MARC
| LEADER | 00000nam$a2200000$$$4500 | ||
|---|---|---|---|
| 001 | 0020889 | ||
| 005 | 20240410141002.1 | ||
| 041 | 0 | |a slo | |
| 041 | 0 | |a eng | |
| 245 | 1 | 0 | |a Burza cenných papierov v Bratislave |b ročenka 2003 |
| 264 | 1 | |a Bratislava |b Burza cenných papierov v Bratislave |c [2004] | |
| 300 | |a 89 s. | ||
| 610 | 2 | 0 | |a burzy |
| 610 | 2 | 0 | |a papiere cenné |
| 610 | 2 | 0 | |a obchod |